| 000 | 00545nam a2200181Ia 4500 | ||
|---|---|---|---|
| 005 | 20250326143129.0 | ||
| 008 | 250326s9999 xx 000 0 und d | ||
| 037 | _aTextbook | ||
| 040 |
_aFMSL _beng _cFMSL |
||
| 041 |
_aeng _2eng |
||
| 084 |
_aX:97_8 L9;1 _qFMSL |
||
| 100 |
_aKuchedkar L S _9747173 |
||
| 245 | 0 |
_aAspects of Personnel Management and Industrial Relations _cKuchedkar L S |
|
| 260 |
_aNew Delhi _bNew Delhi, Tata Macgraw-Hill _c1979 |
||
| 300 | _a154p | ||
| 942 |
_cTB _hX:97_8 L9;1 |
||
| 999 |
_c1298234 _d1298234 |
||